000 01347nam a2200289 i 4500
001 169850
003 ES-MaACL
005 20230906214223.0
008 081205s1828 fr |||| | fre d
245 0 0 _aOeuvres de Piron, d'Allainval, Fagan, Lachaussée, Lefranc de Pompignan, Lanoue, Gresset.
250 _aNouvelle éd.
260 _aParis :
_bBaudouin frères,
_c1828.
300 _a609 p. ;
_c14 x 7 cm.
490 1 _aRépertoire du théatre francais ;
_v13
500 _aÍndice.
505 8 _aContiene: ;
_tLa métromanie /
_rPiron. --
_tL'école des bourgeois /
_rd'Allainval. --
_tLes originaux /
_rFagan. --
_tL'école des mères /
_rLachaussée. --
_tDidon /
_rLefranc de Pompignan. --
_tMahomet second ; La coquette corrigée /
_rLanoue. --
_tLe méchant /
_rGresset.
700 1 _aPiron, Alexis.
_9139028
700 1 _aAllainval, Léonor-Jean-Christine Soulas d'.
_9139029
700 1 _aFagan, Barthélemy-Christophe.
_9139030
700 1 _aLachaussée, Pierre-Claude Nivelle de .
_9139031
700 1 _aPompignan, Jean-Jacques Lefranc.
_9139032
700 1 _aLanoue, Jean-Baptiste de.
_9139033
700 0 _aGresset, Jean Baptiste Louis.
_959952
830 0 _aRépertoire du théatre francais ;
_v13
_9222911
852 4 _aES-MaACL
_jE-12330
_9R.190477
_z- Biblioteca Jacinto Martínez Lacalle
999 _c169850
_d169850